|
|
|
|
| LEADER |
00000nam0a2200000 4500 |
| 001 |
125130 |
| 005 |
20231031131234.0 |
| 010 |
|
|
|a 5020289272
|
| 020 |
|
|
|a RU
|b 90-19672
|
| 035 |
|
|
|a (RuTPU)RU\TPU\book\135405
|
| 090 |
|
|
|a 125130
|
| 100 |
|
|
|a 20071110d1990 km a0rusy5003 ca
|
| 101 |
0 |
|
|a rus
|
| 102 |
|
|
|a RU
|
| 105 |
|
|
|a a z 001zy
|
| 200 |
1 |
|
|a Динамическая геоэлектрика
|f С. Ю. Баласанян
|g Академия наук СССР (АН СССР), Сибирское отделение (СО) ; Читинский институт природных ресурсов ; отв. ред. Ф. П. Кренделев, В. Ф. Кузин
|
| 210 |
|
|
|a Новосибирск
|c Наука
|d 1990
|
| 215 |
|
|
|a 227 с.
|c ил.
|
| 320 |
|
|
|a Библиогр.: с. 229.
|
| 610 |
1 |
|
|a электрическое поле
|
| 610 |
1 |
|
|a геоэлектрика
|
| 610 |
1 |
|
|a динамика
|
| 610 |
1 |
|
|a Земля
|
| 675 |
|
|
|a 550.37
|v 3
|
| 700 |
|
1 |
|a Баласанян
|b С. Ю.
|g Сергей Юрьевич
|
| 702 |
|
1 |
|a Кренделев
|b Ф. П.
|4 340
|
| 702 |
|
1 |
|a Кузин
|b В. Ф.
|4 340
|
| 712 |
0 |
2 |
|a Академия наук СССР (АН СССР)
|b Сибирское отделение (СО)
|b Читинский институт природных ресурсов
|2 stltpush
|3 (RuTPU)RU\TPU\col\13627
|
| 801 |
|
0 |
|a RU
|b RuMRKP
|c 19960705
|g psbo
|
| 801 |
|
1 |
|a RU
|b 63413507
|c 20071110
|g PSBO
|
| 801 |
|
2 |
|a RU
|b 63413507
|c 20121009
|g PSBO
|
| 942 |
|
|
|c BK
|